000 02839nam0a2200349 4500
001 RU\NLR\BIBL_A\022539920
005 20260420044332.0
010 _a978-5-7028-0799-7
_9300
021 _aRU
_bКН-П-25-015385
_9КН-П-25-1570
035 _a(NLR Aleph) 022539920
090 _a13672444
_c13672444
100 _a20250513d2024 u y0rusy50 ca
101 0 _arus
102 _aRU
105 _aa j 000zy
181 0 _ai3
_baxxe
182 0 _an
200 1 _aПрикладная физическая культура. Легкая атлетика
_eучебно-методическое пособие
_eдля студентов технических вузов, обучающихся по направлениям подготовки: в бакалавриате по укрупненным группам специальностей и направлений 09.00.00 "Информатика и вычислительная техника", 15.00.00 Машиностроение", 27.00.00 "Управление в технических системах", 38.00.00 "Экономика и управление" и по направлениям подготовки 12.03.01 "Приборостроение" [и др.]
_fГ. Л. Волкова, С. В. Шевцова, В. А. Волков
_gМинистерство науки и высшего образования Российской Федерации, Федеральное государственное бюджетное образовательное учреждение высшего образования "Московский государственный технологический университет "СТАНКИН"
203 _aТекст
_bвизуальный
_cнепосредственный
210 _aМосква
_cФГБОУ ВО "МГТУ "СТАНКИН"
_d2024
215 _a104 с.
_cил., табл.
_d21
320 _aБиблиогр.: с. 104 (3 назв.) и в подстроч. примеч.
517 1 _aЛегкая атлетика
606 1 _aЛегкая атлетика
_jУчебно-методические пособия для высших учебных заведений
_91033379
_3RU\NLR\AUTH\6678985
686 1 _aЧ517.11я73
700 1 _aВолкова
_bГ. Л.
_cканд. экон. наук, физ. воспитание
_gГалина Львовна
_9257270
_3RU\NLR\AUTH\770257326
701 1 _aШевцова
_bС. В.
_gСветлана Валерьевна
701 1 _aВолков
_bВ. А.
_cканд. экон. наук, специалист в обл. физ. воспитания
_gВладимир Андреевич
_9197219
_3RU\NLR\AUTH\770197270
942 _cBOOK
980 _aNB